[Event "Brno CEZ Talent"]
[Site "?"]
[Date "2013.08.29"]
[Round "6"]
[White "Dvorak, Adam"]
[Black "Kubat, Pavel"]
[Result "1-0"]
[WhiteElo "2088"]
[BlackElo "1942"]
[PlyCount "37"]

1. d4 d5 2. c4 Nc6 3. Nf3 Bg4 4. e3 e5 5. dxe5 dxc4 6. Qa4 Bxf3 7. gxf3 Bb4+ 8.
Bd2 Bxd2+ 9. Nxd2 Qd5 10. Bxc4 Qxe5 11. O-O-O Nf6 12. Rhg1 O-O {(R)} 13. f4 Qf5
14. Rg5 Qh3 15. Qb5 Rab8 16. Rxg7+ Kh8 17. Qg5 Nh5 18. Qh6 Nxf4 19. Rxh7+ 1-0

[Event "Brno CEZ Talent"]
[Site "?"]
[Date "2013.08.29"]
[Round "6"]
[White "Kuchynka, Lubos"]
[Black "Lakatos, Tomas"]
[Result "0-1"]
[WhiteElo "2038"]
[BlackElo "2087"]
[PlyCount "27"]

1. d4 Nf6 2. c4 e6 3. Nc3 d5 4. Bg5 c6 5. Nf3 Be7 6. e3 Nbd7 7. cxd5 exd5 8.
Bd3 O-O 9. Qc2 h6 10. Bh4 Re8 11. Bg3 Nf8 12. h3 Bd6 13. Be5 Ne6 14. O-O {
(Bílému zazvonil mobil)} 0-1

[Event "Brno CEZ Talent"]
[Site "?"]
[Date "2013.08.29"]
[Round "6"]
[White "Panis, Radim"]
[Black "Paulik, Martin"]
[Result "1-0"]
[WhiteElo "2052"]
[BlackElo "1875"]
[PlyCount "49"]

1. e4 Nf6 2. Nc3 d5 3. e5 d4 4. Nce2 Ng4 5. f4 Bf5 6. Ng3 e6 7. Nxf5 exf5 8.
Qf3 c6 9. Bc4 Nd7 10. Ne2 Nc5 11. h3 Nh6 12. b4 Nd7 13. a3 Nb6 14. Bb3 a5 15.
bxa5 Rxa5 16. Bb2 Bc5 17. Qd3 Nd5 18. O-O Qa8 19. Bxd5 cxd5 20. Nxd4 O-O 21.
Kh1 Bxd4 22. Bxd4 Rc8 23. Rfb1 Rc6 24. Rb3 Kf8 25. Rab1 1-0

[Event "Brno CEZ Talent"]
[Site "?"]
[Date "2013.08.29"]
[Round "6"]
[White "Stanek, Stanislav"]
[Black "Sladek, Vladislav"]
[Result "1/2-1/2"]
[WhiteElo "1967"]
[BlackElo "2024"]
[PlyCount "63"]

1. e4 d5 2. Nc3 dxe4 3. Nxe4 Nc6 4. Bc4 Nf6 5. Ng3 e5 6. d3 h6 7. h3 Bc5 8. Be3
Bxe3 9. fxe3 O-O 10. Nf3 Qd6 {(R)} 11. O-O e4 12. Nxe4 Nxe4 13. dxe4 Qc5 14.
Qe2 Ne5 15. Bb3 a5 16. a4 b6 17. Bd5 Ba6 18. c4 Nxf3+ 19. Qxf3 c6 20. Bxf7+ Kh8
21. Qg3 Rad8 22. Rf3 Qe7 23. Qg6 Rd6 24. Qh5 Qxe4 25. Bg6 Qe7 26. Raf1 Rxf3 27.
Rxf3 Bxc4 28. Qf5 Bg8 29. e4 Rf6 30. Qg4 Qc5+ 31. Kh2 Rxf3 32. gxf3 {(R)}
1/2-1/2

[Event "Brno CEZ Talent"]
[Site "?"]
[Date "2013.08.29"]
[Round "6"]
[White "Veznik, Michael"]
[Black "Stehlik, Jiri"]
[Result "0-1"]
[WhiteElo "1876"]
[BlackElo "2008"]
[PlyCount "114"]

1. e4 d6 2. d4 Nf6 3. Nc3 g6 4. Nf3 Bg7 5. Be2 O-O 6. h3 c6 7. a4 a5 8. Be3 Na6
9. O-O Nb4 10. Qc1 Qc7 11. Rd1 Re8 12. Ne1 Bd7 13. f3 Rab8 14. Nb1 Ra8 15. c3
Na6 16. Na3 Be6 17. Qc2 d5 18. e5 Nd7 19. Bd3 f6 20. f4 f5 21. Nf3 Bf7 22. g4
e6 23. Qg2 Kh8 24. Kf2 Rg8 25. Ng5 Nf8 26. h4 h6 27. Rh1 Nh7 28. Nxh7 Kxh7 29.
h5 Bf8 30. hxg6+ Bxg6 31. Rxh6+ Bxh6 32. Rh1 Kg7 33. g5 Rh8 34. gxh6+ Rxh6 35.
Rxh6 Kxh6 36. Qg5+ Kh7 37. Bf1 Qg7 38. Nc2 Nc7 39. Ne1 Re8 40. Nf3 Qe7 41. Qg2
Kg7 42. Ke1 Rh8 43. Bf2 Rh6 44. Ng5 Kf8 45. Kd2 b5 46. axb5 cxb5 47. Bg3 Qd7
48. Nf3 Bh5 49. Ng5 Bg4 50. Qf2 Na8 51. Kc2 Nb6 52. b3 a4 53. Kb2 axb3 54. Kxb3
Nc4 55. Qa2 Bd1+ 56. Kb4 Qe7+ 57. Kxb5 Qb7+ 0-1

[Event "Brno CEZ Talent"]
[Site "?"]
[Date "2013.08.29"]
[Round "6"]
[White "Zeman, Arnost"]
[Black "Kosina, Vladimir"]
[Result "1/2-1/2"]
[WhiteElo "2002"]
[BlackElo "1773"]
[PlyCount "35"]

1. e4 c6 2. d4 d5 3. e5 e6 4. Bd3 g6 5. c3 Bg7 6. Nf3 Nd7 7. O-O Nh6 8. Bg5 Qb6
9. Qc1 Nf5 10. Na3 a6 11. Nc2 h6 12. Bd2 g5 13. h3 Qd8 14. b4 Nf8 15. a4 Ng6
16. g3 Bd7 17. a5 Qe7 18. Re1 {(R)} 1/2-1/2

[Event "Brno CEZ Talent"]
[Site "?"]
[Date "2013.08.29"]
[Round "6"]
[White "Eichler, Bretislav"]
[Black "Benes, Miroslav"]
[Result "0-1"]
[WhiteElo "1701"]
[BlackElo "1998"]
[PlyCount "66"]

1. d4 c5 2. e3 b6 3. Qf3 d5 4. Bb5+ Nd7 5. Qxd5 Rb8 6. Nf3 Ngf6 7. Qb3 a6 8.
Bc4 e6 9. Ng5 Qe7 10. O-O h6 11. Nxe6 fxe6 12. Bxe6 b5 13. d5 Nb6 14. Bxc8 Rxc8
15. Qd3 Nbxd5 16. Qg6+ Qf7 17. Qf5 Rd8 18. e4 Nb4 19. Na3 Be7 20. Be3 Nd7 21.
Qg4 Ne5 22. Qg3 Ng6 23. f4 Qf6 24. e5 Qf5 25. Qf2 c4 26. Rad1 Rxd1 27. Rxd1 O-O
28. g3 Qg4 29. Rf1 Nd5 30. Qd2 Rd8 31. Bd4 Ndxf4 32. c3 Ne2+ 33. Kh1 Qe4+ 0-1

[Event "Brno CEZ Talent"]
[Site "?"]
[Date "2013.08.29"]
[Round "6"]
[White "Licka, Vlastimil"]
[Black "Effenberger, Adam"]
[Result "1-0"]
[WhiteElo "1959"]
[BlackElo "1700"]
[PlyCount "127"]

1. e4 c5 2. Nf3 e6 3. d4 cxd4 4. Nxd4 Nf6 5. Nc3 d6 6. Bg5 Be7 7. Qe2 O-O 8.
O-O-O a6 9. f4 h6 10. h4 Ne8 11. Bxe7 Qxe7 12. g4 g6 13. g5 h5 14. Bh3 Ng7 15.
f5 exf5 16. Nd5 Qd8 17. Nf6+ Kh8 18. exf5 Nd7 19. fxg6 Nxf6 20. gxf6 Qxf6 21.
Bxc8 Raxc8 22. gxf7 Rxf7 23. Rhf1 Qg6 24. Rxf7 Qxf7 25. Kb1 Re8 26. Qd2 Qf6 27.
Qb4 Qxh4 28. Qxd6 Rd8 29. Qh6+ Kg8 30. c3 Qg4 31. Rf1 h4 32. Qf6 Re8 33. Qf7+
Kh8 34. Qxb7 Qg6+ 35. Kc1 h3 36. Qf3 Qh6+ 37. Kd1 Re3 38. Qf8+ Kh7 39. Qf4 h2
40. Qxh6+ Kxh6 41. Rh1 Rh3 42. Ke2 Nh5 43. Kf2 Nf4 44. Nf3 Nd3+ 45. Ke2 Nxb2
46. Rxh2 Rxh2+ 47. Nxh2 Kg6 48. Ke3 Kf6 49. Kd4 Ke6 50. Kc5 Kd7 51. Nf3 Kc7 52.
Nd4 Nd3+ 53. Kc4 Ne5+ 54. Kb4 Kb6 55. Nf5 Nc6+ 56. Kc4 Ne5+ 57. Kd5 Nd3 58. Nd4
Nc1 59. a3 Ka5 60. c4 Nd3 61. c5 Ka4 62. c6 Nf4+ 63. Kd6 Kxa3 64. c7 1-0

[Event "Brno CEZ Talent"]
[Site "?"]
[Date "2013.08.29"]
[Round "6"]
[White "Turza, Pavel"]
[Black "Sikora, Lukas"]
[Result "0-1"]
[WhiteElo "1774"]
[BlackElo "1954"]
[PlyCount "78"]

1. d4 Nf6 2. Nf3 b6 3. c3 Bb7 4. Bf4 g6 5. e3 Bg7 6. Bd3 d6 7. Nbd2 O-O 8. Qc2
Nfd7 9. g4 e5 10. Bg3 exd4 11. cxd4 Na6 12. a3 Re8 13. Bh4 Bf6 14. Bxa6 Bxa6
15. g5 Bg7 16. O-O-O c5 17. Kb1 Rc8 18. Qb3 b5 19. Rc1 c4 20. Qb4 d5 21. Qd6
Bb7 22. Bg3 Bf8 23. Qf4 Qa5 24. Ka2 b4 25. Nb1 b3+ 26. Ka1 c3 27. h4 c2 28.
Nfd2 cxb1=Q+ 29. Nxb1 Rc2 30. h5 Re4 31. Qf3 Ba6 32. Bf4 Be2 33. Qh3 Bxa3 34.
Rxc2 Bxb2+ 35. Kxb2 Qa2+ 36. Kc3 Qxc2+ 37. Kb4 Qc4+ 38. Ka3 Re6 39. hxg6 Ra6+
0-1

[Event "Brno CEZ Talent"]
[Site "?"]
[Date "2013.08.29"]
[Round "6"]
[White "von Keyserlingk, Chanda"]
[Black "Kopecek, Ivan"]
[Result "1-0"]
[WhiteElo "1673"]
[BlackElo "1933"]
[PlyCount "77"]

1. d4 f5 2. c4 Nf6 3. g3 g6 4. Bg2 Bg7 5. Nc3 O-O 6. Nf3 d6 7. O-O Qe8 8. b3
Nc6 9. d5 Ne4 10. Nb5 Bxa1 11. Nxc7 Qd8 12. Nxa8 Nb8 13. Bh6 Bg7 14. Bxg7 Kxg7
15. Qd4+ Kg8 16. Qxa7 Nd7 17. Nd4 Ndc5 18. Nb6 e5 19. dxe6 Qf6 20. Nxc8 Rxc8
21. e3 Qe7 22. Rd1 Rf8 23. Bf1 g5 24. b4 Nc3 25. Rc1 N5e4 26. Qa3 Nxf2 27. Kxf2
Ne4+ 28. Kg2 f4 29. exf4 gxf4 30. Qf3 Nd2 31. Qg4+ Kh8 32. Nf5 Qf6 33. e7 Re8
34. Qxf4 Qb2 35. Qd4+ Qxd4 36. Nxd4 Rxe7 37. Nf3 Nxf3 38. Kxf3 b6 39. Rd1 1-0

[Event "Brno CEZ Talent"]
[Site "?"]
[Date "2013.08.29"]
[Round "6"]
[White "Zeman, Radek"]
[Black "Martirosyan, Ara"]
[Result "1-0"]
[WhiteElo "1895"]
[BlackElo "1610"]
[PlyCount "41"]

1. e4 e5 2. Nf3 Nc6 3. Bb5 Nge7 4. Nc3 g6 5. d4 exd4 6. Nd5 Bg7 7. Bg5 h6 8.
Bf6 Bxf6 9. Nxf6+ Kf8 10. Qd2 Kg7 11. Nxd4 Nxd4 12. Qxd4 Nf5 13. Nh5+ Kg8 14.
exf5 gxh5 15. O-O-O Qg5+ 16. f4 Qxf5 17. Rhe1 f6 18. Bc4+ Kf8 19. Qe3 Rh7 20.
Qe8+ Kg7 21. Re7# 1-0

[Event "Brno CEZ Talent"]
[Site "?"]
[Date "2013.08.29"]
[Round "6"]
[White "Zitny, Petr"]
[Black "Hrdlicka, Vladan"]
[Result "1-0"]
[WhiteElo "1877"]
[BlackElo "1686"]
[PlyCount "99"]

1. e4 e5 2. Nf3 Nc6 3. d4 exd4 4. Nxd4 Nf6 5. Nc3 Bb4 6. Nxc6 bxc6 7. Bd3 h6 8.
O-O O-O 9. Ne2 d5 10. Ng3 Bg4 11. f3 dxe4 12. Nxe4 Bh5 13. c3 Ba5 14. Qc2 Bb6+
15. Kh1 Nd5 16. Ng3 Qh4 17. Nf5 Qf6 18. Bd2 Bg6 19. Rfe1 Rfe8 20. Nd4 Bxd4 21.
cxd4 Bxd3 22. Qxd3 g5 23. Re4 Re6 24. Rxe6 Qxe6 25. Re1 Qf6 26. Kg1 Kg7 27. Qe4
Rd8 28. g3 Rd6 29. Qe5 Re6 30. Qxf6+ Kxf6 31. Rc1 Ke7 32. Kf2 f5 33. Rc5 Kd7
34. Ra5 Re8 35. Rxa7 Rb8 36. b3 Rb5 37. Ra5 Kc8 38. Ke2 Kb7 39. Kd3 Rxa5 40.
Bxa5 Ka6 41. Bd2 Kb5 42. a4+ Kb6 43. Kc4 f4 44. gxf4 gxf4 45. Kd3 h5 46. Ke4
Kb7 47. Bxf4 Nc3+ 48. Kd3 Nd1 49. Be3 Kc8 50. Kd2 1-0

[Event "Brno CEZ Talent"]
[Site "?"]
[Date "2013.08.29"]
[Round "6"]
[White "Martisek, Karel"]
[Black "Doskar, Miloslav"]
[Result "1-0"]
[WhiteElo "1872"]
[BlackElo "1739"]
[PlyCount "41"]

1. e4 e5 2. Nf3 Nc6 3. d4 exd4 4. Nxd4 Nf6 5. Nxc6 bxc6 6. Bd3 Be7 7. O-O O-O
8. Nc3 h6 9. f4 Bc5+ 10. Kh1 Bb7 11. e5 Nd5 12. Ne4 Be7 13. f5 f6 14. Bxh6 gxh6
15. Qg4+ Kh8 16. Qg6 fxe5 17. Qxh6+ Kg8 18. Qg6+ Kh8 19. Rf3 Bh4 20. f6 Nxf6
21. Nxf6 1-0

[Event "Brno CEZ Talent"]
[Site "?"]
[Date "2013.08.29"]
[Round "6"]
[White "Hradsky, Ales"]
[Black "Koci, Tereza"]
[Result "1-0"]
[WhiteElo "1768"]
[BlackElo "1426"]
[PlyCount "51"]

1. e4 c5 2. Nf3 e6 3. Be2 a6 4. O-O Qc7 5. c3 d6 6. d4 cxd4 7. Nxd4 Nf6 8. Bd3
Be7 9. Kh1 Nbd7 10. f4 b5 11. Nd2 Bb7 12. Qe2 g6 13. f5 e5 14. fxg6 hxg6 15.
N4f3 Nh5 16. Qf2 Nf4 17. Bc2 Nf6 18. Re1 Ng4 19. Qg3 Nf6 20. Nf1 N6h5 21. Qf2
Qc5 22. Qxc5 dxc5 23. Nxe5 f6 24. Nf3 O-O-O 25. Be3 Kb8 26. g4 1-0

[Event "Brno CEZ Talent"]
[Site "?"]
[Date "2013.08.29"]
[Round "6"]
[White "Zikan, Karel"]
[Black "Kaplan, Milan"]
[Result "1-0"]
[WhiteElo "1795"]
[BlackElo "1000"]
[PlyCount "151"]

1. Nf3 Nf6 2. c4 e6 3. Nc3 b6 4. g3 Bb7 5. Bg2 Bb4 6. Qc2 Bxc3 7. Qxc3 O-O 8.
O-O d6 9. b3 Ne4 10. Qc2 f5 11. Bb2 Nc6 12. Rad1 Rb8 13. d3 Nf6 14. d4 Qe7 15.
d5 Nd8 16. dxe6 Nxe6 17. Qxf5 Be4 18. Qb5 a6 19. Qa4 Nc5 20. Qa3 a5 21. Rfe1
Bf5 22. Nd4 Qd7 23. Bc6 Qc8 24. Bf3 Nce4 25. Nc6 Qe6 26. Nxb8 Rxb8 27. Bxf6
Qxf6 28. Qc1 Nc3 29. Rd2 Rf8 30. Bg2 Nb1 31. Rb2 Nc3 32. f3 b5 33. cxb5 Nxb5
34. Rd2 Be6 35. e4 Rc8 36. Qb2 Qf7 37. Rc1 Qd7 38. Bf1 Rb8 39. Bc4 c5 40. Bxe6+
Qxe6 41. Qc2 Nd4 42. Qd3 Rf8 43. Rf1 Qh6 44. Kg2 g5 45. Qc4+ Kg7 46. Rxd4 cxd4
47. Qxd4+ Kf7 48. Qd5+ Ke7 49. Qxa5 g4 50. Qc7+ Ke6 51. Qc4+ Ke7 52. f4 Kd7 53.
Qb5+ Ke7 54. Qg5+ Qxg5 55. fxg5 Ra8 56. a4 Rb8 57. Rb1 Ke6 58. Kf2 Ke5 59. Ke3
Rb4 60. a5 Rxe4+ 61. Kd3 Kd5 62. a6 Re8 63. b4 Kc6 64. b5+ Kb6 65. Rb2 Re5 66.
Kc4 Rxg5 67. Ra2 Rg8 68. a7 Ra8 69. Ra6+ Kb7 70. Kd5 Rxa7 71. Rxa7+ Kxa7 72.
Kc6 d5 73. b6+ Kb8 74. Kxd5 Kb7 75. Kc5 Kb8 76. Kc6 1-0

[Event "Brno CEZ Talent"]
[Site "?"]
[Date "2013.08.29"]
[Round "6"]
[White "Prokop, Jiri"]
[Black "Sojka, Oldrich"]
[Result "1-0"]
[WhiteElo "1758"]
[BlackElo "1639"]
[PlyCount "77"]

1. f4 d5 2. Nf3 Nc6 3. d4 Nf6 4. e3 a6 5. c3 Bg4 6. Bd3 e6 7. O-O Bd6 8. Nbd2
Qe7 9. Qc2 h6 10. Ne5 Bxe5 11. fxe5 Nd7 12. h3 Bf5 13. Bxf5 exf5 14. Qxf5 Rf8
15. e4 dxe4 16. Nxe4 O-O-O 17. Qg4 Rg8 18. Nc5 Kb8 19. Nxd7+ Rxd7 20. Bxh6 Rdd8
21. Bf4 f6 22. Rae1 Qf7 23. a3 fxe5 24. Bg5 Qd5 25. Bxd8 Rxd8 26. dxe5 Nxe5 27.
Qd4 Nc4 28. Qxd5 Rxd5 29. Re8+ Ka7 30. Rf2 Rd1+ 31. Kh2 Nd2 32. Kg3 Nf1+ 33.
Kf4 Rd6 34. Kg5 Ng3 35. Re3 Rd5+ 36. Kg6 Nh5 37. g4 Nf6 38. Rxf6 gxf6 39. Kxf6
1-0

[Event "Brno CEZ Talent"]
[Site "?"]
[Date "2013.08.29"]
[Round "6"]
[White "Zuziak, Petr"]
[Black "Glacner, Karel"]
[Result "1-0"]
[WhiteElo "1713"]
[BlackElo "1583"]
[PlyCount "117"]

1. d4 Nf6 2. Nf3 c5 3. e3 cxd4 4. exd4 e6 5. Bd3 Be7 6. O-O O-O 7. Nbd2 d6 8.
b3 Nbd7 9. Bb2 Qc7 10. c4 b6 11. Rc1 Ba6 12. Re1 Bb7 13. d5 Nc5 14. Ne4 Ncxe4
15. Bxe4 e5 16. Bd3 Nd7 17. Qc2 g6 18. g4 Bf6 19. Bf1 Qd8 20. Bg2 Bg5 21. Nxg5
Qxg5 22. h3 Rae8 23. Ba3 Qe7 24. f4 Bc8 25. Re2 f6 26. f5 g5 27. b4 Ba6 28. Re3
Rc8 29. Rc3 Rfe8 30. Qb2 Kg7 31. Qc2 Rh8 32. c5 dxc5 33. bxc5 bxc5 34. Bxc5 Qe8
35. Bxa7 Rxc3 36. Qxc3 Rf8 37. d6 e4 38. Re1 Qc8 39. Qc7 Qxc7 40. dxc7 Bd3 41.
Bxe4 Bxe4 42. Rxe4 Ne5 43. Bd4 Nf3+ 44. Kf2 Nxd4 45. Rxd4 Rc8 46. Rd7+ Kh6 47.
a4 Rxc7 48. Rd2 Ra7 49. Ra2 Ra5 50. Ke3 Kg7 51. Kd4 Kf7 52. Kc4 Ke7 53. Re2+
Kf7 54. Kb4 Rd5 55. Re3 h5 56. gxh5 Rxf5 57. Re4 Rf4 58. Rxf4 gxf4 59. Kc4 1-0

[Event "Brno CEZ Talent"]
[Site "?"]
[Date "2013.08.29"]
[Round "6"]
[White "Nehyba, Martin"]
[Black "Navratilova, Alena"]
[Result "1/2-1/2"]
[WhiteElo "1566"]
[BlackElo "1684"]
[PlyCount "43"]

1. e4 e6 2. d4 d5 3. e5 c5 4. c3 cxd4 5. cxd4 Bb4+ 6. Bd2 Bxd2+ 7. Nxd2 Ne7 8.
Ngf3 Ng6 9. Be2 O-O 10. O-O Nf4 11. Ne1 Nxe2+ 12. Qxe2 Nc6 13. Nb3 b6 14. f4
Ne7 15. Rc1 a5 16. Nd2 Nf5 17. Nef3 Ba6 18. Qf2 Bxf1 19. Rxf1 Rc8 20. g4 Nh6
21. g5 Nf5 22. h4 1/2-1/2

[Event "Brno CEZ Talent"]
[Site "?"]
[Date "2013.08.29"]
[Round "6"]
[White "Lisik, Miroslav"]
[Black "Richterova, Julie"]
[Result "1-0"]
[WhiteElo "1667"]
[BlackElo "1437"]
[PlyCount "69"]

1. e4 d5 2. exd5 Qxd5 3. Nc3 Qd6 4. Nf3 Nf6 5. Bc4 c6 6. Bb3 Bg4 7. d3 e6 8.
Be3 Nbd7 9. Qe2 Qc7 10. h3 Bh5 11. O-O-O Bd6 12. Kb1 O-O 13. g4 Bg6 14. Nh4
Rfc8 15. Nxg6 hxg6 16. h4 Ne5 17. h5 Nfxg4 18. hxg6 Nxe3 19. gxf7+ Qxf7 20.
fxe3 Rf8 21. Rdf1 Qe7 22. Rxf8+ Rxf8 23. Qh5 Rf6 24. Qh8+ Kf7 25. Ne4 Rf3 26.
Qh5+ g6 27. Qh7+ Ke8 {(R)} 28. Qg8+ Kd7 29. Nxd6 Kxd6 30. Qb8+ Qc7 31. Qxa7 g5
32. a3 Qg7 33. Qd4+ Ke7 34. Qe4 Rf2 35. Rh7 1-0

[Event "Brno CEZ Talent"]
[Site "?"]
[Date "2013.08.29"]
[Round "6"]
[White "Kandalec, Stefan"]
[Black "Blazek, Pavel"]
[Result "0-1"]
[WhiteElo "1843"]
[BlackElo "1820"]
[PlyCount "98"]

1. e4 d6 2. d4 Nf6 3. Nc3 e5 4. dxe5 dxe5 5. Qxd8+ Kxd8 6. Bg5 c6 7. Nf3 Bd6 8.
Bc4 Be6 9. Bxe6 fxe6 10. Rd1 Kc7 11. O-O Nbd7 12. Nd2 Nb6 13. a3 Rad8 14. b4 h6
15. Be3 Ng4 16. Bc5 Rd7 17. a4 Rhd8 18. a5 Bxc5 19. bxc5 Rxd2 20. axb6+ axb6
21. cxb6+ Kxb6 22. Rb1+ Kc7 23. h3 Rxc2 24. Rb3 Nf6 25. Nb1 Rd4 26. Rg3 g5 27.
Rf3 {(R)} Nxe4 28. Rf7+ Rd7 29. Rf8 Rb2 30. Na3 Re2 31. Nc4 Nd2 32. Nxe5 Rxe5
33. Ra1 Red5 34. Rf6 Ne4 35. Rxh6 Rd1+ 36. Rxd1 Rxd1+ 37. Kh2 Kd6 38. f3 Nc5
39. h4 gxh4 40. Rxh4 b5 41. g4 Rd5 42. f4 Ke7 43. g5 Kf7 44. Rh6 Kg7 45. Kg3 b4
46. Kg4 b3 47. Kh5 b2 48. Rg6+ Kf7 49. Rf6+ Ke7 0-1

[Event "Brno CEZ Talent"]
[Site "?"]
[Date "2013.08.30"]
[Round "7"]
[White "Bernasek, Jan"]
[Black "Polak, Tomas"]
[Result "1/2-1/2"]
[WhiteElo "2535"]
[BlackElo "2492"]
[PlyCount "32"]

1. d4 e6 2. c4 b6 3. e4 Bb7 4. Bd3 Bb4+ 5. Bd2 Bxd2+ 6. Nxd2 Ne7 7. Ngf3 d6 8.
Qe2 Nd7 9. O-O O-O 10. b4 a5 11. a3 e5 12. d5 h6 13. Nb3 c5 14. dxc6 Nxc6 15.
Qd2 Qe7 16. Rfd1 Rfd8 1/2-1/2

[Event "Brno CEZ Talent"]
[Site "?"]
[Date "2013.08.30"]
[Round "7"]
[White "Svoboda, Vaclav"]
[Black "Chudinovskis, Alexander"]
[Result "1/2-1/2"]
[WhiteElo "2424"]
[BlackElo "2299"]
[PlyCount "33"]

1. e4 e5 2. Nf3 Nc6 3. Bb5 a6 4. Ba4 Nf6 5. O-O Be7 6. Re1 b5 7. Bb3 O-O 8. h3
Bb7 9. d3 d6 10. a3 Qd7 11. Nc3 Rfe8 12. Nd5 Nxd5 13. Bxd5 Nd8 14. d4 Bxd5 15.
exd5 Bf6 16. dxe5 dxe5 17. Ng5 1/2-1/2

[Event "Brno CEZ Talent"]
[Site "?"]
[Date "2013.08.30"]
[Round "7"]
[White "Velicka, Petr"]
[Black "Ponizil, Cyril"]
[Result "1/2-1/2"]
[WhiteElo "2421"]
[BlackElo "2421"]
[PlyCount "42"]

1. Nf3 Nf6 2. c4 g6 3. Nc3 d5 4. Qa4+ c6 5. cxd5 Nxd5 6. Nxd5 Qxd5 7. e4 Qd8 8.
d4 Bg7 9. Be2 O-O 10. O-O Bg4 11. Be3 Nd7 12. Rfd1 Nb6 13. Qc2 e6 14. a4 Nc8
15. h3 Bxf3 16. Bxf3 Nd6 17. Bf4 Qd7 18. Ra3 f5 19. Bxd6 Qxd6 20. Rb3 fxe4 21.
Qxe4 Rf4 {(R)} 1/2-1/2

[Event "Brno CEZ Talent"]
[Site "?"]
[Date "2013.08.30"]
[Round "7"]
[White "Kantorik, Marian"]
[Black "Kuchynka, Lukas"]
[Result "1-0"]
[WhiteElo "2280"]
[BlackElo "2316"]
[PlyCount "85"]

1. d4 Nf6 2. c4 Nc6 3. Nf3 e6 4. a3 d6 5. Nc3 g6 6. Bg5 h6 7. Bh4 g5 8. Bg3 Nh5
9. e3 Nxg3 10. hxg3 g4 11. Nd2 h5 12. Bd3 Bg7 13. Qc2 Bd7 14. O-O-O Qg5 15. Kb1
O-O-O 16. Nde4 Qh6 17. Rc1 f5 18. Nd2 Kb8 19. Nb3 Qg5 20. d5 Ne5 21. Be2 c5 22.
Rhd1 h4 23. gxh4 Qxh4 24. g3 Qf6 25. dxe6 Bxe6 26. Nd5 Qf7 27. Nf4 Bd7 28. Rxd6
Ba4 29. Qd2 Qc7 30. Rxd8+ Rxd8 31. Qc2 Qb6 32. Ka2 Nc6 33. Nd5 Rxd5 34. cxd5
Na5 35. Bc4 Bxb3+ 36. Bxb3 c4 37. Ba4 Qc5 38. Qxf5 c3 39. Qf4+ Ka8 40. Qe4 b5
41. d6+ Kb8 42. Qe8+ Kb7 43. Qxb5+ 1-0

[Event "Brno CEZ Talent"]
[Site "?"]
[Date "2013.08.30"]
[Round "7"]
[White "Zwardon, Vojtech"]
[Black "Kulovana, Eva"]
[Result "0-1"]
[WhiteElo "2384"]
[BlackElo "2250"]
[PlyCount "54"]

1. c4 c6 2. Nf3 d5 3. d4 Nf6 4. Nc3 a6 5. e3 b5 6. c5 g6 7. Ne5 Bg7 8. Bd3 O-O
9. O-O Nfd7 10. f4 Nxe5 11. fxe5 f6 12. exf6 Rxf6 13. b4 e5 14. a4 Bb7 15. Rxf6
Qxf6 16. Bb2 Nd7 17. axb5 axb5 18. Rxa8+ Bxa8 19. Qa1 Qd8 20. Qa7 exd4 21. Nxd5
cxd5 22. Bxb5 Nf8 23. Be2 Qe8 24. Kf1 Bc6 25. Qb6 d3 26. Bxd3 Bxb2 27. b5 Qxe3
0-1

[Event "Brno CEZ Talent"]
[Site "?"]
[Date "2013.08.30"]
[Round "7"]
[White "Sremanak, Slavomir"]
[Black "Bures, Jaroslav"]
[Result "0-1"]
[WhiteElo "2184"]
[BlackElo "2377"]
[PlyCount "112"]

1. Nf3 Nf6 2. c4 g6 3. Nc3 d5 4. e3 Bg7 5. d4 O-O 6. Bd2 b6 7. Qc2 e6 8. cxd5
exd5 9. Bd3 c5 10. dxc5 {(R)} bxc5 11. O-O Bg4 12. Na4 Nbd7 13. Rac1 c4 14. Be2
Rb8 15. Bc3 Qe7 16. h3 Bf5 17. Qd1 Be4 18. Qd2 Rfc8 19. Rfd1 h6 20. Bd4 Rd8 21.
Qe1 Rb7 22. Nd2 Bf5 23. b3 cxb3 24. Nxb3 Qa3 25. Qa5 Rdb8 26. Nac5 Qxa5 27.
Nxa5 Nxc5 28. Rxc5 Rb1 29. Rcc1 Rxc1 30. Rxc1 Ne4 31. Nc6 Rb7 32. Bxa7 Nc3 33.
Bf3 Rc7 34. Nd4 Bxd4 35. Bxd4 Ne2+ 36. Bxe2 Rxc1+ 37. Kh2 Rc2 38. Bf3 Be4 39.
Kg3 Bxf3 40. Kxf3 Rxa2 41. g4 Rd2 42. h4 h5 43. g5 {(R)} Kf8 44. Bc3 Rc2 45.
Be5 Ke7 46. Bg3 Rc4 47. Ke2 Rg4 48. Kd2 Ke6 49. Ke2 Kf5 50. Kf3 Ra4 51. Bf4
Rxf4+ 52. exf4 d4 53. Ke2 Kxf4 54. Kd3 Kg4 55. Kxd4 Kxh4 56. f4 Kg4 0-1

[Event "Brno CEZ Talent"]
[Site "?"]
[Date "2013.08.30"]
[Round "7"]
[White "Vechet, Stanislav"]
[Black "Lanc, Alois"]
[Result "0-1"]
[WhiteElo "2165"]
[BlackElo "2363"]
[PlyCount "58"]

1. d4 f5 2. g3 Nf6 3. Bg2 g6 4. c4 d6 5. Nc3 Bg7 6. Nf3 O-O 7. O-O Na6 8. Re1
c5 9. d5 Nc7 10. Qd3 Rb8 11. Bf4 a6 12. a4 b5 13. axb5 axb5 14. cxb5 Bd7 15.
Bc1 Nxb5 16. Nd2 Ng4 17. e3 g5 18. f4 gxf4 19. gxf4 Nxc3 20. bxc3 e5 21. dxe6
Qh4 22. Nf3 Qf2+ 23. Kh1 Qxe1+ 24. Nxe1 Nf2+ 25. Kg1 Nxd3 26. Nxd3 Bxe6 27. Bd2
Bc4 28. Nf2 Rb2 29. Be1 Rfb8 0-1

[Event "Brno CEZ Talent"]
[Site "?"]
[Date "2013.08.30"]
[Round "7"]
[White "Roubalik, Jakub"]
[Black "Blahynka, Martin"]
[Result "1-0"]
[WhiteElo "2344"]
[BlackElo "2166"]
[PlyCount "49"]

1. d4 Nf6 2. Bg5 c5 3. d5 Ne4 4. Bf4 Qb6 5. Bc1 e6 6. f3 Nf6 7. e4 c4 8. Bxc4
Bc5 9. Ne2 Qb4+ 10. Nd2 Be3 11. Bb3 exd5 12. c3 Qc5 13. exd5 O-O 14. Ne4 Nxe4
15. Bxe3 Qxe3 16. fxe4 Qxe4 17. O-O d6 18. Nd4 Nd7 19. Ne6 fxe6 20. dxe6 Rxf1+
21. Qxf1 Kh8 22. Re1 Qxe1 23. Qxe1 Nc5 24. e7 Bd7 25. Qf2 1-0

[Event "Brno CEZ Talent"]
[Site "?"]
[Date "2013.08.30"]
[Round "7"]
[White "Kireev, Aleksei"]
[Black "Meszaros, Ludek"]
[Result "1-0"]
[WhiteElo "2337"]
[BlackElo "2106"]
[PlyCount "53"]

1. g3 g6 2. Bg2 Bg7 3. d3 c5 4. e4 Nc6 5. Nd2 d6 6. c3 Nf6 7. f4 O-O 8. Qe2 Qc7
9. a4 a6 10. Nh3 Bg4 11. Nf3 b5 12. Nf2 Bd7 13. O-O bxa4 14. e5 Nd5 15. Ng5 Nb6
16. e6 fxe6 17. Nxe6 Bxe6 18. Qxe6+ Kh8 19. Ne4 Rab8 20. Ng5 Bf6 21. f5 Nd8 22.
Qe4 gxf5 23. Rxf5 e6 24. Rf4 Qg7 25. Rh4 Bxg5 26. Bxg5 Nf7 27. Bf6 1-0

[Event "Brno CEZ Talent"]
[Site "?"]
[Date "2013.08.30"]
[Round "7"]
[White "Kratochvil, Milan"]
[Black "Dambrauskas, Virginijus"]
[Result "0-1"]
[WhiteElo "2180"]
[BlackElo "2280"]
[PlyCount "23"]

1. e4 c5 2. c3 Nf6 3. e5 Nd5 4. d4 cxd4 5. cxd4 e6 6. Nc3 Nxc3 7. bxc3 d6 8. f4
dxe5 9. fxe5 Qh4+ 10. g3 Qe4+ 11. Qe2 Qxe2+ 12. Bxe2 {a èerný vyhrál ve 48.
tahu. Kdyz neumíte psát èitelnì, vase partie na webu nebude. JK)} 0-1

[Event "Brno CEZ Talent"]
[Site "?"]
[Date "2013.08.30"]
[Round "7"]
[White "Dvorak, Adam"]
[Black "Kratochvil, Josef"]
[Result "1/2-1/2"]
[WhiteElo "2088"]
[BlackElo "2241"]
[PlyCount "67"]

1. d4 Nf6 2. c4 c5 3. d5 e6 4. Nc3 exd5 5. cxd5 d6 6. e4 g6 7. Nf3 a6 8. Qe2
Bg4 9. Bg5 Nbd7 10. e5 Nxe5 11. Qe3 Bg7 12. Nxe5 dxe5 13. Qxe5+ Kd7 14. Qf4
Re8+ 15. Kd2 Qb6 16. Qa4+ {(R)} Kc7 17. Qf4+ Kc8 18. Bb5 axb5 19. Bxf6 Qxf6 20.
Qxg4+ Kc7 21. Qg3+ Kb6 22. d6 Bh6+ 23. Kc2 Qf5+ 24. Qd3 Qxd3+ 25. Kxd3 b4 26.
Nd5+ Kc6 27. Nc7 Kxd6 28. Nxe8+ Rxe8 29. Rhe1 Rd8 30. Kc2 Bg7 31. a3 bxa3 32.
Rxa3 Bd4 33. f3 Rd7 34. Rd3 {(R)} 1/2-1/2

[Event "Brno CEZ Talent"]
[Site "?"]
[Date "2013.08.30"]
[Round "7"]
[White "Kratochvil, Karel"]
[Black "Panis, Radim"]
[Result "1-0"]
[WhiteElo "2233"]
[BlackElo "2052"]
[PlyCount "49"]

1. e4 c5 2. Nf3 e6 3. d3 Nc6 4. Nbd2 d5 5. g3 Nf6 6. Bg2 Be7 7. O-O O-O 8. e5
Nd7 9. Re1 Qc7 10. Qe2 b5 11. Nf1 Rb8 12. Bf4 Nb6 13. h4 Na4 14. N1h2 Nxb2 15.
Ng5 Nd4 16. Qh5 Bxg5 17. hxg5 Nxc2 18. Ng4 Kh8 19. Nf6 gxf6 20. exf6 Qb6 21.
Bxb8 Nxa1 22. Re4 e5 23. Bxe5 Nxd3 24. g6 fxg6 25. f7+ 1-0

[Event "Brno CEZ Talent"]
[Site "?"]
[Date "2013.08.30"]
[Round "7"]
[White "Lakatos, Tomas"]
[Black "Pekar, Vaclav"]
[Result "1/2-1/2"]
[WhiteElo "2087"]
[BlackElo "2146"]
[PlyCount "39"]

1. e4 g6 2. d4 Bg7 3. Be3 d6 4. Nc3 a6 5. Be2 Nd7 6. Qd2 b5 7. a3 Bb7 8. f4 Rc8
9. Bf3 c5 10. e5 Bxf3 11. Nxf3 cxd4 12. Bxd4 dxe5 13. fxe5 Nc5 14. O-O-O Bh6
15. Ng5 Ne6 16. h4 Qxd4 17. Qxd4 Nxd4 18. Rxd4 Rc5 19. Rhd1 Bxg5+ 20. hxg5 {(R)
} 1/2-1/2